[Event "23rd OIBM 2019"]
[Site "Gmund am Tegernsee"]
[Date "2019.11.02"]
[Round "8.19"]
[White "Smith, Bryan"]
[Black "Nebolsina, Vera"]
[Result "1-0"]
[WhiteElo "2430"]
[BlackElo "2252"]
[Annotator "TA"]
[PlyCount "65"]
[EventDate "2019.10.17"]
[EventType "swiss"]
[EventCountry "GER"]
[SourceTitle "playchess.com"]
[Source "ChessBase"]
[SourceQuality "1"]

{[%evp 9,65,47,53,47,49,52,54,49,68,69,58,57,64,41,58,25,50,32,87,80,101,130,124,120,148,153,251,241,314,104,110,110,143,138,139,111,116,125,162,129,147,126,181,185,160,170,220,224,373,364,360,392,562,554,534,505,659,666]} 1. e4 g6 2. d4 Bg7 3. Nf3 d6 4. Bc4 a6 5. O-O e6 6. c3 {B06: Modern Defence} Ne7 7. Re1 h6 8. Nbd2 {[%cal Bb1d2,Bd2f1,Bf1g3][%mdl 32] White is slightly better.} b6 9. Nf1 Bb7 10. Ng3 Nd7 11. a4 Nf6 12. Bb3 $146 ({Predecessor:} 12. h3 Nxe4 13. Nxe4 Bxe4 14. Rxe4 {½-½ (52) Cornette,M (2544)-Moussard,J (2435) Paris 2011}) 12... O-O 13. Qe2 Ra7 (13... c5 $14) 14. h4 $16 d5 15. e5 Ne4 16. Bc2 ({But not} 16. Nxe4 dxe4 17. Nh2 Nf5 $14) 16... Nxg3 17. fxg3 Nf5 {[#]} (17... c5 $16 {was worth a try.}) 18. Qf2 $1 $18 f6 19. Bxf5 $2 (19. g4 $18 {and White stays clearly on top.}) 19... exf5 $16 20. exf6 Qxf6 21. Bf4 Bc8 22. Qd2 Kh7 23. Be5 Qf7 24. Bxg7 Qxg7 25. Qf4 a5 (25... Qf6 $16 26. a5 bxa5 27. Rxa5 c6) 26. Re5 $18 c6 27. Rae1 {[%cal Ba1e1,Be1e8,Be8b8][%mdl 32]} Raf7 28. Re8 Rxe8 (28... c5 $142 29. Qd6 f4 30. gxf4 (30. Qxd5 Bb7 $16) (30. dxc5 bxc5 31. gxf4 Bg4 $18) (30. Qxb6 cxd4 31. Rxf8 Rxf8 $16) 30... Bg4) 29. Rxe8 Bd7 30. Rb8 b5 (30... Re7 {was called for.} 31. Rxb6 Be8) 31. axb5 {White is clearly winning.} cxb5 32. Qd6 f4 33. Ne5 {Accuracy: White = 64%, Black = 30%.} 1-0

[Event "23rd OIBM 2019"]
[Site "Gmund am Tegernsee"]
[Date "2019.11.02"]
[Round "8.20"]
[White "Rasch, Holger"]
[Black "Braeuer, Franz"]
[Result "1/2-1/2"]
[WhiteElo "2236"]
[BlackElo "2429"]
[Annotator "RC"]
[PlyCount "74"]
[EventDate "2019.10.17"]
[EventType "swiss"]
[EventCountry "GER"]
[SourceTitle "playchess.com"]
[Source "ChessBase"]
[SourceQuality "1"]
[TimeControl "40/5400+30:1800+30"]

1. e4 {[%emt 0:00:00]} e5 {[%emt 0:00:00]} 2. Nf3 {[%emt 0:00:00]} Nc6 {[%emt 0:00:00]} 3. Nc3 {[%emt 0:00:00]} Nf6 {[%emt 0:00:00]} 4. Bb5 {[%emt 0:00:00]} Bd6 {[%emt 0:00:24]} 5. a3 {[%emt 0:00:59]} O-O {[%emt 0:04:28]} 6. d3 {[%emt 0:00:35]} a6 {[%emt 0:02:19]} 7. Bc4 {[%emt 0:00:25]} Be7 {[%emt 0:06:28]} 8. h3 {[%emt 0:05:21]} d6 {[%emt 0:00:39]} 9. Be3 {[%emt 0:01:12]} b5 {[%emt 0:00:13]} 10. Ba2 {[%emt 0:01:17]} Be6 {[%emt 0:00:11]} 11. Nd5 {[%emt 0:03:05]} Qd7 {[%emt 0:07:26]} 12. Ng5 {[%emt 0:12:04]} Bxd5 {[%emt 0:11:32]} 13. exd5 {[%emt 0:03:19]} Nd4 {[%emt 0:00:03]} 14. Bxd4 {[%emt 0:06:38]} exd4 {[%emt 0:00:04]} 15. Nf3 {[%emt 0:00:19]} Nh5 {[%emt 0:12:29]} 16. Nxd4 {[%emt 0:32:27]} Bf6 {[%emt 0:04:55]} 17. Qxh5 {[%emt 0:02:38]} Bxd4 {[%emt 0:00:03]} 18. c3 {[%emt 0:01:21]} Rfe8+ {[%emt 0:02:02]} 19. Kf1 {[%emt 0:00:21]} Bf6 {[%emt 0:00:54]} 20. d4 {[%emt 0:06:04]} a5 {[%emt 0:07:17]} 21. Rd1 {[%emt 0:02:04]} b4 {[%emt 0:05:16]} 22. axb4 {[%emt 0:00:15]} axb4 {[%emt 0:00:01]} 23. Bb1 {[%emt 0:00:18]} g6 {[%emt 0:09:37]} 24. Qf3 {[%emt 0:00:21]} Bg7 {[%emt 0:01:37]} 25. g3 {[%emt 0:00:12]} bxc3 {[%emt 0:00:23]} 26. bxc3 {[%emt 0:00:06]} Qb5+ {[%emt 0:08:51]} 27. Kg2 {[%emt 0:00:50]} Qc4 {[%emt 0:00:01]} 28. Rhe1 {[%emt 0:01:22]} Rab8 {[%emt 0:00:13]} 29. Rxe8+ {[%emt 0:11:02]} Rxe8 {[%emt 0:00:01]} 30. Be4 {[%emt 0:00:21]} f5 {[%emt 0:04:37]} 31. Qd3 {[%emt 0:00:43]} Qxd3 {[%emt 0:01:13]} 32. Bxd3 {[%emt 0:00:03]} Ra8 {[%emt 0:00:04]} 33. Rc1 {[%emt 0:04:10]} Ra3 {[%emt 0:00:29]} 34. Bc4 {[%emt 0:00:43]} Bh6 {[%emt 0:02:29]} 35. f4 {[%emt 0:00:21]} g5 {[%emt 0:00:03]} 36. fxg5 {[%emt 0:01:06]} Bxg5 {[%emt 0:00:04]} 37. Rc2 {[%emt 0:00:10]} f4 {[%emt 0:01:35]} 1/2-1/2

[Event "23rd OIBM 2019"]
[Site "Gmund am Tegernsee"]
[Date "2019.11.02"]
[Round "8.21"]
[White "Meins, Gerlef"]
[Black "Donchenko, Anatoly"]
[Result "1/2-1/2"]
[WhiteElo "2415"]
[BlackElo "2229"]
[Annotator "TA"]
[PlyCount "116"]
[EventDate "2019.10.17"]
[EventType "swiss"]
[EventCountry "GER"]
[SourceTitle "playchess.com"]
[Source "ChessBase"]
[SourceQuality "1"]

{[%evp 16,116,18,19,47,47,47,40,40,41,50,41,54,45,52,52,56,38,49,48,48,45,45,52,54,38,38,38,38,45,85,48,48,48,48,23,28,20,16,27,29,33,28,26,12,0,0,0,21,0,0,0,6,6,19,4,25,18,30,31,47,32,51,0,0,0,0,0,0,0,0,0,41,44,54,0,0,0,0,0,0,0,0,0,0,0,0,0,0,0,0,0,0,0,0,0,0,0,0,0,0,0,0]} 1. Nf3 Nf6 2. c4 c5 3. g3 Nc6 4. d4 cxd4 5. Nxd4 d6 6. Bg2 Bd7 7. O-O g6 8. Nc3 Bg7 9. b3 Qc8 {A31: Symmetrical English: 2 Nf3 Nf6 3 d4} (9... Nxd4 10. Qxd4 Bc6 11. Bb2 O-O 12. Nd5 Bxd5 13. cxd5 Qa5 14. Bc3 Qa6 15. Qd2 Rfc8 16. Rfc1 Qb5 17. Rab1 a5 18. e4 Nd7 19. Bxg7 Kxg7 20. Qd4+ Kg8 {1-0 (41) So,W (2779)-Grischuk,A (2771) Saint Louis 2015}) 10. Bb2 Bh3 11. Nd5 Bxg2 {White is slightly better.} 12. Kxg2 Nxd5 13. cxd5 {[#] Hoping for Rc1.} Nxd4 14. Bxd4 O-O $146 ({Predecessor:} 14... Bxd4 15. Qxd4 {½-½ (33) Cvek,R (2518)-Thorfinnsson,B (2360) Novi Sad 2009}) 15. Bxg7 Kxg7 16. Qd4+ Kg8 17. Rac1 Qd7 18. Rc4 Rfc8 19. Rfc1 a6 20. Qe3 Rxc4 21. Rxc4 $14 {[%mdl 4096] Endgame KQR-KQR} b5 22. Rc6 (22. Rc1 {with more complications.} b4 23. h4 a5 24. Qe4 Ra7 25. Qc4) 22... Qb7 23. Qb6 (23. Qc1 {keeps more tension.} a5 24. e4 Qd7 25. Rc7 Qe8 26. g4) 23... Qxb6 24. Rxb6 {KR-KR} f5 25. Kf3 Kf7 26. Ke3 Rc8 27. Rxa6 Rc3+ $1 28. Kd4 Rc2 29. Kd3 Rc5 $1 30. Kd4 {[#] Black must now prevent Rc6.} Rc2 31. Kd3 Rc5 $1 32. Rc6 {aiming for Kd4.} Rxd5+ 33. Kc2 Ke6 34. a4 bxa4 35. bxa4 Kd7 36. Rc4 Ra5 37. Kb3 Ra8 38. h4 e5 39. e3 ({Better is} 39. Rb4 $14) 39... d5 $11 40. Rc5 Kd6 41. Rb5 Rc8 42. Rb6+ Kc5 43. Rb4 (43. Re6 {is more complex.} Rb8+ 44. Ka3 f4 45. Rxe5 fxe3 46. fxe3 Kd6 47. Rg5) 43... Rd8 44. Rb5+ Kc6 45. Kc3 (45. Kb4 $1 $14) 45... d4+ {The position is equal.} 46. exd4 Rxd4 47. Rxe5 Rxa4 48. Re7 Ra2 49. Kd4 Rxf2 50. Rxh7 Rf3 51. Rh6 Rxg3 52. h5 Kd6 53. Rxg6+ Rxg6 54. hxg6 {White threatens g7 and mate. KP-KP} Ke6 55. g7 Kf7 56. Ke5 Kg8 57. Kxf5 {Threatening mate with Kf6.} Kf7 58. Kg5 Kxg7 {Accuracy: White = 60%, Black = 70%.} 1/2-1/2

[Event "23rd OIBM 2019"]
[Site "Gmund am Tegernsee"]
[Date "2019.11.02"]
[Round "8.22"]
[White "Zysk, Robert"]
[Black "Hedke, Fred"]
[Result "1/2-1/2"]
[WhiteElo "2412"]
[BlackElo "2225"]
[Annotator "TA"]
[PlyCount "127"]
[EventDate "2019.10.17"]
[EventType "swiss"]
[EventCountry "GER"]
[SourceTitle "playchess.com"]
[Source "ChessBase"]
[SourceQuality "1"]

{[%evp 24,127,26,16,21,0,5,16,0,0,0,0,28,29,29,28,45,33,38,31,73,75,63,39,37,55,60,54,57,66,58,35,35,35,37,32,28,30,31,33,41,2,20,10,17,15,20,8,8,16,11,0,0,0,0,0,0,0,0,0,0,0,0,0,0,0,0,0,0,0,0,0,0,0,0,0,0,0,0,0,0,0,0,0,0,0,0,0,0,0,0,0,0,0,0,0,0,0,0,0,0,0,0,0,0,0]} 1. Nf3 Nf6 2. c4 e6 3. d4 d5 4. Nc3 Be7 5. Bg5 Nbd7 6. e3 h6 7. Bh4 O-O 8. Bd3 b6 9. cxd5 exd5 10. O-O Bb7 11. Rc1 Ne4 12. Bxe7 Qxe7 13. Qa4 c5 {D58: Queen's Gambit Declined: Tartakower Defence} 14. Rfd1 Rfd8 (14... Nxc3 15. Rxc3 c4 16. Bf5 Nf6 17. b3 g6 18. Bb1 cxb3 19. Qxb3 Rfc8 20. Rdc1 Rxc3 21. Rxc3 Rc8 22. Ne5 Rxc3 23. Qxc3 Qd6 24. f3 {½-½ (24) Margvelashvili,G (2532)-Colas,J (2374) Philadelphia 2016}) 15. dxc5 {[#] And now c6 would win.} Nxc3 $146 ({Predecessor:} 15... Ndxc5 16. Qa3 Qf6 17. b4 Nxd3 18. Rxd3 a5 19. b5 d4 20. Nxe4 Bxe4 21. Rxd4 Bxf3 {½-½ (60) Krebs,J (2218)-Tschohl,C (2160) Austria 2010}) 16. Rxc3 {Strongly threatening c6.} bxc5 17. Qf4 d4 18. exd4 Bxf3 $1 19. Qxf3 cxd4 20. Rcc1 Qd6 21. Qe4 {Threatens to win with Qh7+.} g6 22. Rc6 Qe5 23. f4 Qxe4 24. Bxe4 Nf8 25. Rc4 Rac8 26. Rxc8 Rxc8 $14 {[%mdl 4096] Endgame KRB-KRN} 27. f5 gxf5 28. Bxf5 Rc5 29. g4 Rd5 30. Kf2 Ne6 31. Kf3 Nc5 32. Rc1 h5 {The position is equal.} 33. h3 hxg4+ 34. hxg4 Kg7 35. b3 Kf6 36. b4 Ne6 37. Bxe6 (37. Rd1 {is interesting.} Ke5 38. Re1+ Kf6 39. a4 Rd8 40. b5) 37... fxe6 $11 {KR-KR} 38. Rc5 Rd6 39. g5+ Kg6 40. Ke2 Ra6 41. Kd3 Rxa2 42. Kxd4 Ra6 43. Kc4 Rd6 44. Re5 Ra6 45. Kb5 Rb6+ 46. Ka5 Rd6 47. b5 Rb6 48. Rc5 Kh5 49. Rc6 e5 $1 50. g6 Kh6 $1 51. g7+ {[%mdl 64] [#] Decoy} Kxg7 52. Rc7+ Kf6 53. Rxa7 Rb8 54. b6 e4 55. b7 e3 {White must now prevent ...e2.} 56. Kb6 Kf5 57. Ra8 (57. Ra5+ {with more complications.} Ke4 58. Ra4+ Kf3 59. Ra8 Rxb7+ 60. Kxb7 Kf4 61. Kc6) 57... Rxb7+ 58. Kxb7 {KR-KP} Kf4 59. Re8 Kf3 60. Kc6 e2 61. Kd5 Kf2 62. Rf8+ Kg1 63. Re8 Kf2 64. Rxe2+ {Accuracy: White = 60%, Black = 76%.} 1/2-1/2

[Event "23rd OIBM 2019"]
[Site "Gmund am Tegernsee"]
[Date "2019.11.02"]
[Round "8.23"]
[White "Gschnitzer, Adrian"]
[Black "Ehrke, Michael"]
[Result "0-1"]
[WhiteElo "2412"]
[BlackElo "2222"]
[Annotator "TA"]
[PlyCount "103"]
[EventDate "2019.10.17"]
[EventType "swiss"]
[EventCountry "GER"]
[SourceTitle "playchess.com"]
[Source "ChessBase"]
[SourceQuality "1"]

{[%evp 12,103,44,68,56,55,37,26,31,58,76,76,77,93,118,81,81,81,66,81,89,72,73,66,67,58,68,61,72,71,86,81,82,74,76,90,87,80,73,79,82,85,127,132,120,121,154,104,107,81,153,67,67,61,61,47,67,47,47,47,47,47,61,61,61,61,61,61,61,61,75,61,61,43,54,0,61,61,61,24,61,0,0,0,0,-395,80,0,97,98,98,92,134,-1715]} 1. c4 e6 2. d4 ({Predecessor:} 2. Nc3 d5 {½-½ (65) Harika,D (2500)-Amura,C (2249) Batumi 2018}) 2... d5 3. Nc3 c5 4. cxd5 exd5 5. Nf3 Nc6 6. dxc5 d4 7. Na4 Bxc5 {[%mdl 64] Decoy. D32: Tarrasch Defence: Sidelines and lines without g3} 8. Nxc5 Qa5+ 9. Qd2 $146 (9. Bd2 Qxc5 10. Rc1 Qb6 11. e3 Nf6 12. Bc4 dxe3 13. Bxe3 Qb4+ 14. Bd2 Qe7+ 15. Be2 {½-½ (74) Wojtaszek,R (2737)-Nisipeanu,L (2672) Dortmund 2019}) 9... Qxc5 {White has an edge.} 10. a3 Bg4 11. b4 Qd5 12. Bb2 {[%cal Rf3d4]} Rd8 13. Rd1 {[%cal Rf3d4]} Bxf3 14. exf3 a6 15. Bd3 Nf6 16. O-O {Black must now prevent Rfe1+.} O-O 17. f4 Rfe8 18. Rfe1 h6 19. Qc2 Qd7 20. g3 Nd5 21. Bh7+ Kh8 22. Bf5 Rxe1+ 23. Rxe1 Qd6 24. Qc4 b5 25. Qe2 {Strongly threatening Qe8+!} Nde7 26. Bd3 g6 27. h4 Qd5 28. Rc1 Rd6 29. Rc5 Qe6 30. Qf3 Rd5 {[#]} (30... Qb3 $142 31. Qe2 Rd5) 31. Rc2 (31. Rxd5 $1 $16 Qxd5 32. Qxd5 Nxd5 33. Be4) 31... h5 $14 32. Be4 Rd6 33. Re2 {Threatens to win with Bxc6.} Qg4 34. Qd3 Qd7 35. Qb3 Kg7 36. Rc2 f6 37. Qd3 Nf5 38. Kh2 Nce7 39. Rc5 Qe6 40. Rc7 Rd7 41. Rc2 Qd6 42. Kh3 Qe6 {And now ...Nd6+ would win.} 43. Kh2 Qd6 $1 44. Kg2 Qb6 45. Qb3 Qd6 46. a4 (46. Re2 $14) 46... bxa4 $11 47. Qxa4 Qe6 48. Re2 $2 {[%mdl 8192] [#]} (48. Bf3 $11) 48... Qd6 $2 (48... Ne3+ $1 $19 {[%mdl 512]} 49. Kh2 (49. fxe3 Qxe4+) 49... Qxe4 50. fxe3 Rd6) 49. Bd3 ({White should try} 49. b5 $16 axb5 50. Qxb5) 49... Qd5+ (49... Nd5 $11 {keeps the balance.}) 50. Kh2 $16 Rd6 51. Qe8 Qf7 52. Qc8 $2 {[%mdl 8192] Accuracy: White = 56%, Black = 50%.} (52. Qa8 $16) 0-1

[Event "23rd OIBM 2019"]
[Site "Gmund am Tegernsee"]
[Date "2019.11.02"]
[Round "8.24"]
[White "Manu David Suthandram R"]
[Black "Goldbeck, Lars"]
[Result "1-0"]
[WhiteElo "2403"]
[BlackElo "2203"]
[Annotator "TA"]
[PlyCount "73"]
[EventDate "2019.10.17"]
[EventType "swiss"]
[EventCountry "GER"]
[SourceTitle "playchess.com"]
[Source "ChessBase"]
[SourceQuality "1"]

{[%evp 18,72,21,0,0,-3,0,-40,-34,-20,-31,-38,-23,-57,-52,-58,70,69,51,57,95,109,139,85,116,52,93,70,235,183,217,225,187,191,217,191,197,75,160,145,322,322,519,513,868,814,1453,1447,1436,1316,1458,1402,1297,1285,1544,1463,29999]} 1. e4 c5 2. Nf3 d6 3. d4 cxd4 4. Nxd4 Nf6 5. Nc3 a6 6. Be2 e5 7. Nb3 Be7 8. O-O O-O 9. Be3 Be6 10. Kh1 Nbd7 {B92: Sicilian Najdorf: 6 Be2} 11. a4 (11. f4 Rc8 12. Qe1 b5 13. a3 Qc7 14. Qg3 Kh8 15. Nd2 Nb6 16. f5 Bd7 17. Qf2 Na4 18. Nxa4 bxa4 19. Bxa6 {1-0 (42) Haddouche,M (2505)-Hesham,A (2428) Zeralda 2014}) 11... Rc8 12. a5 Rxc3 {[%mdl 64] Remove Defender. Black is slightly better.} 13. bxc3 Nxe4 14. Qe1 Qc7 15. Bd3 Nxc3 16. Bd2 Rc8 $146 ({Black should try} 16... Nd5 $15) ({Predecessor:} 16... Nd5 17. c4 N5f6 18. Rc1 Nh5 19. Rc2 Rc8 {0-1 (49) Bednar,M (2257)-Voracek,M (2210) Czechia 2012}) 17. Bxc3 $1 $14 Qxc3 {[#]} 18. Qe4 $1 {[%csl LRb7,LRh7][%mdl 576] Double Attack} f5 19. Qxb7 Rb8 20. Qf3 (20. Qxa6 $142 Kf7 21. Rfc1) 20... Kh8 21. Rab1 (21. Qe2 $16) 21... Nf6 {Threatening ...e4.} 22. Bxa6 Qxc2 $2 (22... Qc7 $1 $14) 23. Bd3 Qc8 {White must now prevent ...e4.} 24. Rfc1 Qg8 {And now ...e4 would win.} 25. Bxf5 Bxb3 26. a6 {Strongly threatening a7.} Bd5 27. Qa3 (27. Rxb8 $18 {is the precise move to win.} Qxb8 28. a7 $1 {[%mdl 512]} Qxa7 29. Qxd5 $1 {[%mdl 512]}) 27... Ra8 (27... Rf8 $142) 28. a7 $16 {[%mdl 1024] White has strong compensation.} g6 $2 {[#]} (28... Qf7 $16 {was called for.}) 29. Bc8 $1 $18 {[%mdl 512]} Kg7 $2 {[#]} (29... Rxc8 {keeps fighting.} 30. Rxc8 Qxc8) 30. Bb7 $1 Ng4 (30... Bxb7 $142 31. Rxb7 Qd8) 31. f3 Nf6 32. Bxa8 Bxa8 33. Qb3 Bd5 34. Qb8 Qe6 {[#]} 35. Rb7 $1 {[%mdl 512]} e4 (35... Bxb7 36. Qxb7) 36. a8=Q {[%csl Ga8][%cal Rb8f8]} exf3 37. Qf8# {Accuracy: White = 66%, Black = 14%.} 1-0

[Event "23rd OIBM 2019"]
[Site "Gmund am Tegernsee"]
[Date "2019.11.02"]
[Round "8.25"]
[White "Atakisi, Umut"]
[Black "Marentini, Marcel"]
[Result "1-0"]
[WhiteElo "2393"]
[BlackElo "2068"]
[Annotator "TA"]
[PlyCount "45"]
[EventDate "2019.10.17"]
[EventType "swiss"]
[EventCountry "GER"]
[SourceTitle "playchess.com"]
[Source "ChessBase"]
[SourceQuality "1"]

{[%evp 10,45,16,21,18,8,3,-6,35,19,122,88,91,85,86,83,89,86,113,105,144,136,135,145,168,180,275,263,495,502,493,426,626,578,520,441,440,430]} 1. e4 e5 2. Nf3 Nf6 3. Nc3 Bb4 4. Nxe5 d6 5. Nd3 Bxc3 6. dxc3 Nxe4 {C42: Petroff Defence: 3 Nxe5 and unusual White 3rd moves} 7. Be3 O-O 8. Qf3 d5 $146 {The position is equal.} (8... Re8 {keeps more tension.} 9. Nf4 Nc6 10. Bd3 Nf6 11. h3 Ne5) ({Predecessor:} 8... Qh4 9. g3 Qe7 10. Bg2 Nf6 11. O-O-O Qe6 12. Bd4 Ng4 13. Kb1 Nc6 14. Nf4 Qe7 {½-½ (60) Areshchenko,A (2714)-Kokarev,D (2611) St Petersburg 2013}) 9. O-O-O Qf6 (9... Nd7 $11 {remains equal.}) 10. Qxf6 Nxf6 11. Nf4 $36 {[%mdl 2048] Black is under strong pressure.} c6 12. c4 dxc4 13. Bxc4 Bf5 14. f3 h5 15. h3 Nbd7 16. g4 $1 {[%cal Rg4f5]} Ne5 17. Bb3 hxg4 (17... Bh7 $142) 18. hxg4 $18 Bxg4 $2 {[#]} (18... Bh7 19. g5 Nd5) 19. fxg4 {White is clearly winning.} Nfxg4 20. Bd4 Rfe8 (20... Rfd8 $142 21. Rh3 Rd6) 21. Rdg1 Rad8 22. Bxe5 Nxe5 23. Nh5 {Accuracy: White = 82%, Black = 37%.} 1-0

[Event "23rd OIBM 2019"]
[Site "Gmund am Tegernsee"]
[Date "2019.11.02"]
[Round "8.26"]
[White "Shevchenko, Kirill"]
[Black "Lederle, Vitus"]
[Result "1-0"]
[WhiteElo "2542"]
[BlackElo "2223"]
[Annotator "TA"]
[PlyCount "117"]
[EventDate "2019.10.17"]
[EventType "swiss"]
[EventCountry "GER"]
[SourceTitle "playchess.com"]
[Source "ChessBase"]
[SourceQuality "1"]

{[%evp 12,117,5,12,12,20,18,10,16,19,14,14,18,18,37,38,70,59,70,65,65,59,58,62,68,57,61,65,70,70,63,50,49,52,72,69,97,56,104,103,110,52,89,95,87,87,90,61,56,59,62,50,110,128,98,104,426,415,383,416,401,370,408,371,504,507,507,464,448,0,507,507,628,652,648,640,611,610,533,483,1010,1004,992,960,948,777,953,606,568,415,984,984,29946,29949,6629,6103,29962,29964,29957,29940,29943,29940,12799,6456,5700,4710,1694,1460]} 1. e4 e5 2. Nf3 Nc6 3. Bb5 Nf6 4. d3 Bc5 5. Nbd2 d6 6. c3 O-O 7. O-O a6 {C65: Ruy Lopez: Berlin Defence (3...Nf6), unusual lines and 4 0-0 Bc5} 8. Bxc6 (8. Ba4 Ba7 9. h3 Ne7 10. d4 Ng6 11. Bc2 Re8 12. Re1 Bd7 13. Nf1 c5 14. dxc5 dxc5 15. Bg5 Be6 16. Ne3 c4 17. Qe2 Bxe3 18. Bxe3 h6 19. Nd2 b5 20. a4 {1-0 (54) Dominguez Perez,L (2763)-Wang,H (2726) Khanty-Mansiysk 2019}) 8... bxc6 9. d4 exd4 {The position is equal.} 10. cxd4 Bb6 11. Qc2 Bd7 12. b3 d5 $146 ({Predecessor:} 12... Re8 13. Re1 c5 14. Bb2 cxd4 15. Bxd4 {½-½ (27) Kuhne,D (2339)-Kiselev,V (2327) ICCF email 2013}) 13. e5 Ne4 14. Nxe4 Bf5 {[%mdl 64] [#] Pin} 15. Nf6+ {[%mdl 64] Discovered Attack} ({Reject} 15. Qxc6 $6 dxe4 16. Bg5 f6 $15) 15... Qxf6 $1 16. Qc3 Qe6 17. Ba3 Rfe8 18. Bc5 Qh6 19. Rac1 Bd7 20. Rfe1 Re6 21. Qd2 Qxd2 22. Nxd2 g5 23. Re3 Rae8 24. Nf3 h6 25. h4 Rg6 26. b4 (26. h5 $16 Rge6 27. Ne1) 26... Bxc5 27. Rxc5 gxh4 28. Nxh4 Rg4 29. Rg3 Rxg3 30. fxg3 $14 {[%mdl 4096] Endgame KRB-KRN} Rb8 31. a3 Rb6 ({Black should try} 31... Kf8 $14) 32. Kf2 $16 f6 33. Nf3 Bg4 $2 {[%mdl 8192]} (33... Kf7 $16 {is tougher.}) 34. exf6 $18 Bxf3 35. gxf3 {KR-KR} Kf7 36. g4 Kxf6 37. Kg3 h5 38. Kf4 h4 39. Rc2 Kg6 40. Rc5 Kf6 41. g5+ Kg6 42. Kg4 h3 43. f4 h2 44. Rc1 c5 45. Rh1 cxb4 (45... cxd4 $142 46. f5+ Kf7 47. Rxh2 d3) 46. axb4 Rxb4 47. Rxh2 Rxd4 48. Rh6+ Kg7 49. Rxa6 Rc4 50. Ra8 Kg6 (50... d4 $142 51. Kf5 Kf7) 51. Rd8 c6 52. Rd7 Ra4 53. Rd6+ {[%mdl 64] [#] Double Attack} Kg7 54. Rxc6 d4 55. Kf5 d3 56. Rc7+ Kf8 57. Rd7 {White is clearly winning.} Ra5+ 58. Ke4 Ra4+ 59. Ke3 {Accuracy: White = 83%, Black = 37%.} 1-0

[Event "23rd OIBM 2019"]
[Site "Gmund am Tegernsee"]
[Date "2019.11.02"]
[Round "8.27"]
[White "Sieglen, Joachim"]
[Black "Yankelevich, Lev"]
[Result "1-0"]
[WhiteElo "2187"]
[BlackElo "2480"]
[Annotator "TA"]
[PlyCount "65"]
[EventDate "2019.10.17"]
[EventType "swiss"]
[EventCountry "GER"]
[SourceTitle "playchess.com"]
[Source "ChessBase"]
[SourceQuality "1"]

{[%evp 18,65,45,13,45,46,70,-8,-15,-18,-6,-24,-20,-78,-11,-11,-12,-11,-14,-13,-13,-19,-8,-4,-10,-34,-22,-27,-4,-6,-6,-12,0,0,258,248,258,258,258,258,258,258,258,258,258,258,258,258,697,695]} 1. d4 Nf6 2. c4 g6 3. Nc3 Bg7 4. e4 d6 5. Nf3 O-O 6. Be2 e5 7. O-O Nc6 8. d5 Ne7 9. b4 a5 10. Ba3 Re8 {E97: King's Indian: Classical Main Line (6...e5 7 0-0 Nc6): 8 Be3 and 8 d5 Ne7, not 9 Ne1} (10... axb4 11. Bxb4 Ne8 12. c5 dxc5 13. Bxc5 Nd6 14. Nd2 Bd7 15. a4 b6 16. Bb4 Nec8 17. a5 bxa5 18. Rxa5 Rxa5 19. Bxa5 {1-0 (57) Duda,J (2730)-Giri,A (2780) chess.com INT 2019}) 11. bxa5 c5 12. dxc6 (12. Bc1 $14) 12... Qxa5 $11 {The position is equal.} 13. Bb2 $146 ({Predecessor:} 13. cxb7 Bxb7 14. Nb5 Nxe4 15. Qe1 Qb6 16. Rb1 Qc6 17. Qb4 Nf5 18. Rfd1 {0-1 (41) Hilverda,A (2362)-Salomon,J (2494) Stockholm 2018}) 13... Nxc6 14. Nd2 Nd4 15. Nb3 (15. Bd3 $11 {keeps the balance.}) 15... Qb6 (15... Nxe2+ $17 16. Qxe2 Qb6) 16. Nxd4 exd4 ({Of course not} 16... Qxb2 $6 17. Ndb5 $14) 17. Nb5 Nxe4 18. Bxd4 Bxd4 19. Qxd4 Qxd4 20. Nxd4 Ra4 21. Rfe1 Nc3 22. Bf1 $1 Rxe1 23. Rxe1 {[#] aiming for Re8+.} Kf8 24. Re3 Nxa2 25. Nb5 Ra6 $2 {[%mdl 8192]} (25... Be6 $11) 26. Nc7 $18 {Threatens to win with Re8+.} Bd7 27. Nxa6 bxa6 {[%mdl 4096] Endgame KRB-KBN} 28. Rb3 Ke7 29. f3 Kd8 30. Kf2 Kc7 31. Ke3 h6 32. Kd2 {[#] Black must now prevent Rb2.} Bf5 $2 (32... a5 33. Ra3 {[%mdl 64] Double Attack} Nb4 34. Rxa5 Kb6) 33. Rb2 {Accuracy: White = 67%, Black = 42%.} 1-0

[Event "23rd OIBM 2019"]
[Site "Gmund am Tegernsee"]
[Date "2019.11.02"]
[Round "8.28"]
[White "Parvanyan, Ashot"]
[Black "Gohla, Ulf"]
[Result "1-0"]
[WhiteElo "2448"]
[BlackElo "2217"]
[Annotator "TA"]
[PlyCount "47"]
[EventDate "2019.10.17"]
[EventType "swiss"]
[EventCountry "GER"]
[SourceTitle "playchess.com"]
[Source "ChessBase"]
[SourceQuality "1"]

{[%evp 14,47,-25,-31,-9,-37,11,-12,34,22,42,5,95,94,288,254,256,243,282,248,368,405,557,572,623,547,514,511,716,762,1095,1090,1082,1076,1008,1008]} 1. e4 e5 2. Nf3 Nc6 3. d4 exd4 4. Nxd4 Nf6 5. Nxc6 bxc6 6. e5 Qe7 7. Qe2 Nd5 8. h4 a5 {C45: Scotch Game} 9. c4 Ba6 10. g3 (10. b3 f6 11. exf6 Nxf6 12. Nc3 O-O-O 13. Bb2 Qd6 14. Rh3 Re8 15. Re3 Rxe3 16. Qxe3 {½-½ (28) Swiercz,D (2648)-Melkumyan,H (2653) Saint Louis 2019}) 10... Qb4+ {The position is equal.} 11. Nd2 Nb6 12. a3 Qc5 $146 {[#]} (12... Qe7 $1 $11 {keeps the balance.}) ({Predecessor:} 12... Qe7 13. b3 O-O-O 14. Bb2 a4 15. b4 c5 16. bxc5 Qxc5 {1-0 (28) Nestorovic,N (2473)-Marn,J (2150) Sarajevo 2019}) 13. b3 $1 $36 {[%mdl 2048] Keeping Black busy.} Nc8 $2 (13... a4 $16) 14. Bb2 Qb6 15. Bh3 {And now Qg4 would win.} Na7 16. b4 O-O-O (16... c5 {might work better.} 17. b5 Bb7) 17. O-O axb4 18. axb4 {White is clearly winning.} Bxb4 19. Ra4 Bb7 20. Rfa1 c5 21. Rxa7 Qc6 {[#]} 22. Rxb7 $1 Qxb7 23. Bg2 c6 24. Ne4 {Accuracy: White = 68%, Black = 16%.} 1-0